Normal view
MARC view
- Balakrishnan, A. V.
Entry Personal Name
001 - CONTROL NUMBER
- control field: 153719
003 - CONTROL NUMBER IDENTIFIER
- control field: TR-AnTOB
005 - DATE AND TIME OF LATEST TRANSACTION
- control field: 20260416123850.0
008 - FIXED-LENGTH DATA ELEMENTS
- fixed length control field: 800423n| azannaab |n aaa
010 ## - LIBRARY OF CONGRESS CONTROL NUMBER
- LC control number: n 50017593
040 ## - CATALOGING SOURCE
- Original cataloging agency: DLC
- Language of cataloging: eng
- Description conventions: rda
- Transcribing agency: DLC
- Modifying agency: DLC
100 10 - HEADING--PERSONAL NAME
- Personal name: Balakrishnan, A. V.
670 ## - SOURCE DATA FOUND
- Source citation: His Space communications, 1963.
670 ## - SOURCE DATA FOUND
- Source citation: His Linear dynamic systems, c1983:
- Information found: CIP t.p. (A.V. Balakrishnan) data sheet (b. 1929)
670 ## - SOURCE DATA FOUND
- Source citation: Introduction to random processes in engineering, 2005:
- Information found: CIP t.p. (A.V. Balakrishnan) ds (b. Aug. 8, 1935) called pub., Mar. 18, 2005 (no other info available)
670 ## - SOURCE DATA FOUND
- Source citation: Information from 678 converted Dec. 17, 2014
- Information found: (Ph.D.)



